000 00880nam a22002657a 4500
003 OSt
005 20260601193858.0
008 260421b1974 mx ||||| |||| 00| 0 spa d
040 _aICI
_bspa
_cICI
050 _aHB801
_bB3618 1974
100 _aBaudrillard, Jean,
_d1929-
_eautor
240 _a Pour une critique de l'economie politique du signe.
_lEspañol
245 _aCrítica de la economía política del signo /
_cpor Jean Baudrillard ; traducción de Aurelio Garzón del Camino
250 _aPrimera edición
264 _aMéxico :
_bSiglo XXI,
_c1974
300 _a263 páginas
336 _2rdacontent
_atexto
337 _2rdamedia
_asin medio
338 _2rdacarrier
_avolumen
490 _aTeoría
650 _aConsumo (Economía)
700 _a Garzón del Camino, Aurelio,
_etraductor
_933339
700 _aBaudrillard, Jean,
_d 1929-
942 _2lcc
_cB
999 _c22119
_d22119